000
00308nam a2200133Ia 4500
005
20251222154424.0
008
251222s9999||||xx |||||||||||||| ||spa||
020
_a
848889323X
082
_a
808.51/S84
100
_a
Studer, Jürg
245
0
_a
Oratoria:
264
_b
EDITORIAL EL DRAC, S.L.
942
_c
LIB
999
_c
36153
_d
36153